The age of migration (Record no. 7761)
[ view plain ]
| 000 -LEADER | |
|---|---|
| fixed length control field | 00598nam a22002057a 4500 |
| 003 - CONTROL NUMBER IDENTIFIER | |
| control field | OSt |
| 005 - DATE AND TIME OF LATEST TRANSACTION | |
| control field | 20220301133523.0 |
| 008 - FIXED-LENGTH DATA ELEMENTS--GENERAL INFORMATION | |
| fixed length control field | 220301b ||||| |||| 00| 0 eng d |
| 020 ## - INTERNATIONAL STANDARD BOOK NUMBER | |
| International Standard Book Number | 9780230517851 |
| 040 ## - CATALOGING SOURCE | |
| Transcribing agency | DDC |
| 082 ## - DEWEY DECIMAL CLASSIFICATION NUMBER | |
| Classification number | 304.8 CAS 2009 |
| 100 ## - MAIN ENTRY--PERSONAL NAME | |
| Personal name | Castles, Stephen : Miller , Mark j |
| 9 (RLIN) | 15824 |
| 245 ## - TITLE STATEMENT | |
| Title | The age of migration |
| Remainder of title | : international population movements in the modern world |
| 250 ## - EDITION STATEMENT | |
| Edition statement | 4th ed.rev. |
| 260 ## - PUBLICATION, DISTRIBUTION, ETC. (IMPRINT) | |
| Place of publication, distribution, etc. | New york |
| Name of publisher, distributor, etc. | : Palgrave Macmillan |
| Date of publication, distribution, etc. | , 2009 |
| 300 ## - PHYSICAL DESCRIPTION | |
| Extent | xvi,369p. |
| Dimensions | ; 24 cm |
| 504 ## - BIBLIOGRAPHY, ETC. NOTE | |
| Bibliography, etc | Bibliography<br/>Index |
| 610 ## - SUBJECT ADDED ENTRY--CORPORATE NAME | |
| Corporate name or jurisdiction name as entry element | Migration |
| 9 (RLIN) | 15825 |
| 942 ## - ADDED ENTRY ELEMENTS (KOHA) | |
| Source of classification or shelving scheme | Dewey Decimal Classification |
| Koha item type | Book |
| Withdrawn status | Lost status | Source of classification or shelving scheme | Damaged status | Not for loan | Home library | Current library | Date acquired | Source of acquisition | Inventory number | Total Checkouts | Full call number | Barcode | Date last seen | Price effective from | Koha item type |
|---|---|---|---|---|---|---|---|---|---|---|---|---|---|---|---|
| Dewey Decimal Classification | Faculty of Interdisciplinary Studies Library | Faculty of Interdisciplinary Studies Library | 01/03/2022 | Purchase | 11/4332 | 304.8 CAS 2009 | 2022-0336 | 01/03/2022 | 01/03/2022 | Book |
